Popular mechanics : home answer book
| Other Authors: | , |
|---|---|
| Format: | Book |
| Published: |
New York :
Hearst Books ,
1991
|
| Subjects: |
MARC
| LEADER | 00000cam a2200000 7i4500 | ||
|---|---|---|---|
| 001 | 0000004069 | ||
| 002 | 000004380 | ||
| 005 | 20000330.0 | ||
| 020 | |a 0688108547 | ||
| 090 | 0 | 0 | |a 643.7 |b POP |
| 245 | 0 | 0 | |a Popular mechanics : |b home answer book |c edited by Steven Wilson |
| 260 | |a New York : |b Hearst Books , |c 1991 | ||
| 300 | |a 224p. : |b ill. ; |c 30cm. | ||
| 650 | 0 | 0 | |a Dwellings |x Maintenance and repair |x Amateurs' manuals |
| 700 | 1 | |a Oldham, Joe | |
| 700 | 1 | |a Willson, Steven | |
| 999 | |a 033395 |b BUKU |c PINJAMAN |e PERPUSTAKAAN KOMUNITI PETALING JAYA | ||